El origen de los cormófitos (Record no. 182127)

MARC details
000 -LEADER
campo de control de longitud fija 01104nam a2200253 i 4500
001 - NÚMERO DE CONTROL
campo de control 182127
003 - IDENTIFICADOR DE NÚMERO DE CONTROL
campo de control ES-MaACL
005 - FECHA Y HORA DE LA ÚLTIMA TRANSACCIÓN
campo de control 20251009172028.0
008 - DATOS DE LONGITUD FIJA--INFORMACIÓN GENERAL
campo de control de longitud fija 130619s1989 sp a |||| | spa d
020 ## - NÚMERO INTERNACIONAL ESTÁNDAR DEL LIBRO
Número Internacional Estándar del Libro 84-600-7028-X
ISBN cancelado o inválido 84-600-7028-I
080 ## - NÚMERO DE LA CLASIFICACIÓN DECIMAL UNIVERSAL
Número de la Clasificación Decimal Universal 561.26
100 1# - ENTRADA PRINCIPAL--NOMBRE DE PERSONA
Nombre de persona Salvo Tierra, A. Enrique.
9 (RLIN) 152912
245 13 - MENCIÓN DEL TÍTULO
Título El origen de los cormófitos
Resto del título : transmigración y colonización terrestre /
Mención de responsabilidad, etc. por A. Enrique Salvo Tierra, Antonio Flores Moya, Antonio M. Escámez Pastrana.
260 ## - PUBLICACIÓN, DISTRIBUCIÓN, ETC.
Lugar de publicación, distribución, etc. Melilla :
Nombre del editor, distribuidor, etc. Servicio de Publicaciones de la UNED,
Fecha de publicación, distribución, etc. D.L. 1989.
300 ## - DESCRIPCIÓN FÍSICA
Extensión 46 p. :
Otras características físicas il. ;
Dimensiones 24 cm.
490 1# - MENCIÓN DE SERIE
Mención de serie Publicaciones de la Universidad Nacional de Educación a Distancia, Centro Asociado de Melilla ;
Designación de volumen o secuencia n. 12
504 ## - NOTA DE BIBLIOGRAFÍA, ETC.
Nota de bibliografía, etc. Bibliografía: p. 43-46.
650 #4 - PUNTO DE ACCESO ADICIONAL DE MATERIA--TÉRMINO DE MATERIA
Término de materia o nombre geográfico como elemento de entrada Algas fósiles.
9 (RLIN) 152913
700 1# - ENTRADA AGREGADA--NOMBRE PERSONAL
Nombre de persona Flores Moya, Antonio.
9 (RLIN) 152914
700 1# - ENTRADA AGREGADA--NOMBRE PERSONAL
Nombre de persona Escámez Pastrana, Antonio Manuel,
Fechas asociadas al nombre 1964-
9 (RLIN) 152915
830 0# - PUNTO DE ACCESO ADICIONAL DE SERIE-TÍTULO UNIFORME
Título uniforme Publicaciones de la Universidad Nacional de Educación a Distancia, Centro Asociado de Melilla ;
Designación de volumen o secuencia n. 12
9 (RLIN) 179811
852 ## - LOCALIZACIÓN
Ubicación ES-MaACL
Número de control de estantería 2190-F-17
Holdings
Estatus retirado Estado de pérdida Estado de daño No para préstamo Colección Biblioteca de origen Biblioteca actual Ubicación en estantería Fecha de adquisición Fuente de adquisición Total de préstamos Signatura topográfica completa Código de barras Visto por última vez Precio de reemplazo Tipo de ítem Koha
        Colección de folletos Biblioteca del Ateneo de Madrid Biblioteca del Ateneo de Madrid Depósito folletos 19/06/2013     2190-F-17 1191396 23/02/2023 23/02/2023 Folleto